000 00322nam a22001457a 4500
008 230613b ||||| |||| 00| 0 eng d
020 _a9781608316700
041 _aeng
080 _2THIRD EDITION
_a616
082 _a616HOD
100 _a14
101 _aPTL
245 _aBREAST PATHOLOGY
_cHODA.A.S
942 _2udc
_cBK
999 _c59945
_d59945